Formula 1 2021 Race Winners - Statistics

General Stats
  • This quiz has been taken 172 times
  • The average score is 21 of 22
Answer Stats
Race Track Driver % Correct
Bahrain Grand Prix Sakhir Lewis Hamilton
100%
Emilia Romagna Grand Prix Imola Max Verstappen
99%
Portuguese Grand Prix Algarve Lewis Hamilton
98%
Russian Grand Prix Sochi Lewis Hamilton
98%
Saudi Arabian Grand Prix Jeddah Lewis Hamilton
98%
Monaco Grand Prix Monaco Max Verstappen
98%
Spanish Grand Prix Catalunya Lewis Hamilton
97%
British Grand Prix SIlverstone Lewis Hamilton
97%
São Paulo Grand Prix Interlagos Lewis Hamilton
97%
French Grand Prix Paul Ricard Max Verstappen
97%
Austrian Grand Prix Spielberg Max Verstappen
97%
Belgian Grand Prix Spa-Francorchamps Max Verstappen
97%
United States Grand Prix Circuit of the Americas Max Verstappen
97%
Abu Dhabi Grand Prix Yas Marina Max Verstappen
97%
Azerbaijan Grand Prix Baku Sergio Pérez
97%
Italian Grand Prix Monza Daniel Ricciardo
96%
Qatar Grand Prix Losail Lewis Hamilton
96%
Styrian Grand Prix Spielberg Max Verstappen
96%
Dutch Grand Prix Zandvoort Max Verstappen
96%
Mexico City Grand Prix Hermanos Rodríguez Max Verstappen
96%
Turkish Grand Prix Istanbul Valtteri Bottas
96%
Hungarian Grand Prix Hungaroring Esteban Ocon
95%
No matching quizzes found
Score Distribution
Percent of People with Each Score
Percentile by Number Answered
Your Score History
You have not taken this quiz